000 00603nam a2200229Ia 4500
003 OSt
005 20221007071218.0
006 a|||||r|||| 00| 0
007 ta
008 221006b |||||||| |||| 00| 0 eng d
024 _a14,228
037 _cTextual
040 _aFLL
_cFLL
_beng
041 _2eng
_aeng
082 _aW:87, L3
100 _aUnnithan T.K.N. Au.
_9688344
245 0 _aTraditions of non-violence
260 _aLondon
_bArnold-heinemann London
_c1973
300 _a317p
_ccm.
942 _hW:87, L3
_cTEXL
_2CC
999 _c1142782
_d1142782